[Event "C.to Italiano U12 femminile"]
[Site "Montesilvano ITA"]
[Date "2015.06.30"]
[Round "2"]
[White "Pannella, Maria Cristina"]
[Black "Raccanello, Marianna"]
[WhiteElo "1439"]
[BlackElo "1703"]
[Result "1-0"]
[PlyCount "49"]
[EventDate "2015.06.29"]

1. e4 e5 2. Nf3 Nc6 3. Bb5 a6 4. Ba4 Nf6 5. d3 Bc5 6. O-O d6 7. c3 b5 8. Bc2
O-O 9. Bg5 h6 10. Bh4 g5 11. Bg3 Nh5 12. Nxe5 Nxg3 13. Nxc6 Qd7 14. hxg3 Qxc6
15. d4 Bb6 16. Qh5 Kg7 17. Nd2 f5 18. Rfe1 b4 19. exf5 Bxf5 20. Bxf5 Rxf5 21.
Re7+ Kf8 22. Rae1 Rf6 23. R1e6 bxc3 24. bxc3 Ba5 25. Ne4 1-0

[Event "C.to Italiano U12 femminile"]
[Site "Montesilvano ITA"]
[Date "2015.06.30"]
[Round "2"]
[White "Rinaudo, Giada"]
[Black "Sfera, Anastasia"]
[WhiteElo "1625"]
[BlackElo "1422"]
[Result "1-0"]
[PlyCount "147"]
[EventDate "2015.06.29"]

1. Nf3 d5 2. c4 Nf6 3. b3 Bf5 4. g3 e6 5. Bg2 Bb4 6. O-O O-O 7. a3 Bd6 8. Bb2
Nbd7 9. Nc3 Qe7 10. d3 c5 11. Nh4 d4 12. Nb5 Rfb8 13. e4 Bg6 14. f4 e5 15. f5
Bh5 16. Qd2 Ng4 17. Bf3 Ndf6 18. Rfe1 Rd8 19. Ng2 b6 20. Nxd6 Qxd6 21. h3 Nh6
22. g4 Nhxg4 23. hxg4 Bxg4 24. Bxg4 Nxg4 25. Qg5 Nh6 26. Rf1 Qf6 27. Qxf6 gxf6
28. Rf3 Kh8 29. Rh3 Ng4 30. Kf1 Rg8 31. Ke2 Rg7 32. Kf3 Rb8 33. a4 a6 34. Bc1
Rd8 35. Bd2 Rd6 36. Rah1 Rc6 37. Rg3 Rd6 38. Rxg4 Rxg4 39. Kxg4 Rd8 40. Rh6 Kg7
41. Rh1 Kh8 42. b4 Rb8 43. Rb1 Rg8+ 44. Kf3 Rc8 45. bxc5 bxc5 46. Rb7 Kg7 47.
Rb6 Ra8 48. Rc6 Rb8 49. Rxa6 Rb3 50. Ke2 Rb1 51. Rc6 Ra1 52. a5 h5 53. a6 Rg1
54. Kf2 Rd1 55. Ke2 Rg1 56. Nh4 Rh1 57. Be1 Kh6 58. a7 Rh2+ 59. Kd1 Rh3 60.
a8=Q Rxd3+ 61. Kc2 Kg5 62. Kxd3 Kf4 63. Rxf6 Kg5 64. Qg8+ Kxf6 65. Qh8+ Ke7 66.
f6+ Ke6 67. Qh6 Kd7 68. Qf8 Kc6 69. Qe7 Kb6 70. Qd6+ Kb7 71. Ba5 Ka8 72. Bb6
Kb7 73. Qc7+ Ka6 74. Qa7# 1-0

[Event "C.to Italiano U12 femminile"]
[Site "Montesilvano ITA"]
[Date "2015.07.01"]
[Round "3"]
[White "Cossu, Rebecca"]
[Black "Celati, Stella"]
[WhiteElo "1321"]
[BlackElo "1476"]
[Result "1-0"]
[PlyCount "71"]
[EventDate "2015.06.29"]

1. e4 e5 2. Nf3 Nf6 3. Nxe5 d6 4. Nf3 Nxe4 5. Qe2 Qe7 6. d3 Nf6 7. Nc3 Nc6 8.
Bg5 Nb4 9. O-O-O Qxe2 10. Bxe2 Be7 11. a3 Nc6 12. d4 Bg4 13. h3 Bh5 14. g4 Bg6
15. Bb5 O-O 16. Rhe1 Bd8 17. d5 Ne5 18. Nxe5 dxe5 19. Rxe5 Nxg4 20. hxg4 f6 21.
Bxf6 Bxf6 22. Re2 h5 23. Rg1 hxg4 24. Ne4 a6 25. Nxf6+ Rxf6 26. Bc4 b5 27. d6+
bxc4 28. dxc7 Rc8 29. Re7 Bh5 30. Rh1 Rf5 31. Rd1 Rff8 32. Rdd7 Rf7 33. Rxf7
Rxc7 34. Rxg7+ Kf8 35. Rxc7 Ke8 36. Rg8# 1-0

[Event "C.to Italiano U12 femminile"]
[Site "Montesilvano ITA"]
[Date "2015.07.01"]
[Round "3"]
[White "Tortarolo, Vanessa"]
[Black "Rinaudo, Giada"]
[WhiteElo "1362"]
[BlackElo "1625"]
[Result "0-1"]
[PlyCount "86"]
[EventDate "2015.06.29"]

1. e4 d6 2. d4 g6 3. Nf3 Bg7 4. Be3 Nd7 5. Nc3 e6 6. Bb5 a6 7. Bd3 b5 8. a3 Ne7
9. b3 Bb7 10. a4 b4 11. Ne2 c5 12. c4 bxc3 13. Nxc3 Nc6 14. Ne2 Qb6 15. Bc2 Nb4
16. Bb1 Nf6 17. Ng3 Ng4 18. h3 Nxe3 19. fxe3 O-O 20. O-O Rac8 21. Ne2 Rfd8 22.
Ng5 Rd7 23. Bd3 cxd4 24. Bc4 d5 25. exd5 exd5 26. Bd3 dxe3 27. Ng3 e2+ 28. Kh1
exd1=Q 29. Raxd1 Nxd3 30. Rxd3 h6 31. Nf3 d4 32. Nd2 Qc6 33. Rg1 Qe6 34. Rf1
Rc3 35. Rxc3 dxc3 36. Nf3 c2 37. Kh2 Rd1 38. Rxd1 cxd1=Q 39. h4 Bxf3 40. gxf3
Qd2+ 41. Kg1 Bd4+ 42. Kh1 Qee1+ 43. Nf1 Qxf1# 0-1

[Event "C.to Italiano U12 femminile"]
[Site "Montesilvano ITA"]
[Date "2015.07.01"]
[Round "4"]
[White "Gasparato, Angelica"]
[Black "Grimaldi, Angela Flavia"]
[WhiteElo "1341"]
[BlackElo "1476"]
[Result "0-1"]
[PlyCount "40"]
[EventDate "2015.06.29"]

1. e4 e6 2. Nc3 c6 3. d3 d5 4. exd5 exd5 5. d4 Nf6 6. Nf3 Bf5 7. Bd3 Bxd3 8.
Qxd3 Bd6 9. Bg5 O-O 10. O-O Nbd7 11. Rfe1 Qb6 12. Qd2 Bb4 13. Ne5 Nxe5 14. Rxe5
Ne4 15. Qd3 f6 16. Bxf6 Nxf6 17. Qg3 Bd6 18. Rae1 Qxd4 19. Qg5 Bxe5 20. Re3 Bf4
0-1

[Event "C.to Italiano U12 femminile"]
[Site "Montesilvano ITA"]
[Date "2015.07.01"]
[Round "4"]
[White "Rinaudo, Giada"]
[Black "Cossu, Rebecca"]
[WhiteElo "1625"]
[BlackElo "1321"]
[Result "1-0"]
[PlyCount "99"]
[EventDate "2015.06.29"]

1. Nf3 Nf6 2. c4 g6 3. g3 Bg7 4. Bg2 d6 5. O-O O-O 6. d4 Bf5 7. Nc3 Nbd7 8. Bg5
e5 9. dxe5 dxe5 10. Nh4 Qe8 11. Nxf5 gxf5 12. Bxb7 Rb8 13. Bc6 Qe6 14. Bxf6
Nxf6 15. Bd5 Qe7 16. Qc2 e4 17. f3 Nxd5 18. cxd5 Qc5+ 19. Kh1 Bxc3 20. Qxc3
Qxd5 21. Rfd1 Qb5 22. Rd2 Rfe8 23. Qxc7 e3 24. Rc2 Rbc8 25. Qxc8 Rxc8 26. Rxc8+
Kg7 27. Rc2 Kf6 28. Rac1 Qa4 29. b3 Qd4 30. Kg2 f4 31. Rc6+ Kg7 32. R6c4 Qd2
33. R1c2 Qe1 34. Rxf4 Qf2+ 35. Kh3 Qf1+ 36. Kh4 Qd1 37. Rg4+ Kf6 38. Rgc4 Kg6
39. Rg4+ Kf6 40. Rf4+ Kg6 41. Rc6+ Kg7 42. Rg4+ Kf8 43. Rc8+ Ke7 44. Re4+ Kf6
45. Rxe3 Qd4+ 46. Re4 Qd7 47. Rce8 Kf5 48. Rf4+ Kg6 49. Rg8+ Kh6 50. Rf6# 1-0

[Event "C.to Italiano U12 femminile"]
[Site "Montesilvano ITA"]
[Date "2015.07.02"]
[Round "5"]
[White "Grimaldi, Angela Flavia"]
[Black "Rinaudo, Giada"]
[WhiteElo "1476"]
[BlackElo "1625"]
[Result "1/2-1/2"]
[PlyCount "72"]
[EventDate "2015.06.29"]

1. e4 d6 2. d4 g6 3. Nf3 Bg7 4. Bc4 e6 5. O-O Nd7 6. Be3 Ne7 7. Nc3 a6 8. a4 b6
9. Qd2 h6 10. b4 Bb7 11. b5 a5 12. Bd3 Kf8 13. Ne2 Kg8 14. Ng3 Kh7 15. h4 Rf8
16. h5 g5 17. c3 f5 18. exf5 exf5 19. Qc2 Bxf3 20. gxf3 Nf6 21. Nxf5 Kh8 22.
Nxg7 Kxg7 23. Bg6 Qc8 24. Kg2 Qb7 25. Be4 d5 26. Bg6 Nd7 27. Rae1 Ng8 28. Qd2
Rf6 29. f4 gxf4 30. Bxf4 Raf8 31. Bg3 c6 32. bxc6 Qxc6 33. Be8 Qxa4 34. Bxd7
Qxd7 35. Be5 Qg4+ 36. Kh2 Qh4+ 1/2-1/2

[Event "C.to Italiano U12 femminile"]
[Site "Montesilvano ITA"]
[Date "2015.07.02"]
[Round "5"]
[White "Pannella, Maria Cristina"]
[Black "Vecoli, Martina"]
[WhiteElo "1439"]
[BlackElo "1539"]
[Result "0-1"]
[PlyCount "96"]
[EventDate "2015.06.29"]

1. e4 e5 2. Nf3 Nf6 3. Nxe5 d6 4. Nf3 Nxe4 5. Nc3 Nxc3 6. dxc3 Be7 7. Bf4 Nd7
8. Qd2 O-O 9. O-O-O Nc5 10. h3 Re8 11. g4 Ne4 12. Qd4 Bf6 13. Be5 Bxe5 14. Nxe5
Qg5+ 15. Kb1 Qxe5 16. Qe3 Bd7 17. f4 Qc5 18. Qxc5 Nxc5 19. f5 Re3 20. h4 Rae8
21. Bh3 Bc6 22. Rh2 Bf3 23. Rc1 Re2 24. Rxe2 Rxe2 25. g5 Re4 26. Rf1 Bh5 27. b4
Na4 28. Bg2 Rxh4 29. Re1 Kf8 30. Bxb7 Nxc3+ 31. Kb2 Rxb4+ 32. Kxc3 Rxb7 33. Rh1
Bg4 34. f6 Bf5 35. Re1 Be6 36. a4 Rb6 37. a5 Rb5 38. a6 Rxg5 39. Rb1 gxf6 40.
Rb7 h5 41. Rxa7 h4 42. Rb7 Bd5 43. Rb8+ Kg7 44. a7 h3 45. Rb5 Ba8 46. Rb8 h2
47. Rxa8 h1=Q 48. Rb8 Qa1+ 0-1

[Event "C.to Italiano U12 femminile"]
[Site "Montesilvano ITA"]
[Date "2015.07.03"]
[Round "6"]
[White "Morello, Chiara"]
[Black "Grimaldi, Angela Flavia"]
[WhiteElo "1398"]
[BlackElo "1476"]
[Result "0-1"]
[PlyCount "114"]
[EventDate "2015.06.29"]

1. d4 d5 2. Nf3 Nf6 3. Bf4 Bf5 4. e3 Nbd7 5. Be2 e6 6. O-O Be7 7. c4 O-O 8. Nc3
c6 9. Rc1 Nh5 10. Bg3 Nxg3 11. hxg3 h6 12. a3 Qb6 13. b4 a5 14. c5 Qc7 15. Ra1
Bf6 16. Qd2 e5 17. Rfe1 b5 18. Nh2 exd4 19. exd4 Ra7 20. Bg4 Bg6 21. Qf4 Qxf4
22. Rac1 Bxd4 23. gxf4 Bf6 24. bxa5 Nxc5 25. Ne2 Nd3 26. Rf1 Nxc1 27. Rxc1 d4
28. Rxc6 d3 29. Ng3 d2 30. Rd6 Rd8 31. Rxd8+ Bxd8 32. Nhf1 Bxa5 33. f5 h5 34.
Bd1 Re7 35. Ne3 h4 36. Ngf1 Bh7 37. Kh2 Rc7 38. Kh3 Rc1 39. Kg4 g6 40. fxg6
Bxg6 41. Kf3 Bd3 42. Nh2 Bb6 43. Nhg4 f5 44. Nf6+ Kf7 45. Nfd5 Rxd1 46. Nxd1
Be4+ 47. Ke2 Bxd5 48. Kxd2 Bxg2 49. Ne3 Bxe3+ 50. fxe3 h3 51. Ke2 h2 52. Kf2
h1=Q 53. Kg3 Qf1 54. Kh2 Kg6 55. Kg3 Kg5 56. Kh2 Kg4 57. e4 Qh1# 0-1

[Event "C.to Italiano U12 femminile"]
[Site "Montesilvano ITA"]
[Date "2015.07.03"]
[Round "6"]
[White "Rinaudo, Giada"]
[Black "Pannella, Maria Cristina"]
[WhiteElo "1625"]
[BlackElo "1439"]
[Result "1-0"]
[PlyCount "71"]
[EventDate "2015.06.29"]

1. Nf3 d6 2. d4 Nf6 3. c4 g6 4. b3 Bg7 5. Bb2 O-O 6. g3 Nbd7 7. Bg2 e5 8. Qc2
Ne8 9. e4 f5 10. O-O Qe7 11. Re1 Qf6 12. exf5 Qxf5 13. Qxf5 Rxf5 14. g4 Rf4 15.
dxe5 Rxg4 16. h3 Rf4 17. Ng5 dxe5 18. Bd5+ Kh8 19. Nf7+ Kg8 20. Nxe5+ Kf8 21.
Nxd7+ Bxd7 22. Bxg7+ Kxg7 23. Re7+ Kf8 24. Rxd7 c6 25. Bg2 Rf7 26. Rxf7+ Kxf7
27. Nc3 Nf6 28. Rd1 Re8 29. Na4 Re2 30. Ra1 Rc2 31. a3 Nd7 32. Rd1 Ke7 33. Rd3
Ne5 34. Re3 Kd6 35. c5+ Ke6 36. f4 1-0

[Event "C.to Italiano U12 femminile"]
[Site "Montesilvano ITA"]
[Date "2015.07.03"]
[Round "7"]
[White "Grimaldi, Angela Flavia"]
[Black "Vecoli, Martina"]
[WhiteElo "1476"]
[BlackElo "1539"]
[Result "0-1"]
[PlyCount "36"]
[EventDate "2015.06.29"]

1. e4 e5 2. Bc4 Nf6 3. d3 Nc6 4. Nf3 Bc5 5. c3 d5 6. exd5 Nxd5 7. Qb3 Be6 8.
Qxb7 Nde7 9. Bxe6 fxe6 10. Nxe5 Bxf2+ 11. Kxf2 Nxe5 12. Qb5+ N5c6 13. Bg5 O-O+
14. Kg1 Rf5 15. Bxe7 Nxe7 16. Qc4 Nd5 17. Nd2 Qg5 18. Ne4 Qe3+ 0-1

[Event "C.to Italiano U12 femminile"]
[Site "Montesilvano ITA"]
[Date "2015.07.03"]
[Round "7"]
[White "Raccanello, Marianna"]
[Black "Rinaudo, Giada"]
[WhiteElo "1703"]
[BlackElo "1625"]
[Result "1-0"]
[PlyCount "155"]
[EventDate "2015.06.29"]

1. e4 d6 2. d4 g6 3. Nc3 Bg7 4. Nf3 a6 5. a4 Nc6 6. Be3 Nf6 7. h3 Bd7 8. Be2
Na7 9. a5 Bc6 10. Bd3 Qc8 11. O-O Bd7 12. b4 h6 13. Qe2 g5 14. e5 dxe5 15. Nxe5
Bxh3 16. gxh3 Qxh3 17. Qf3 Qxf3 18. Nxf3 g4 19. Nh4 e6 20. Kh2 Nc6 21. Rab1 Nh5
22. Ne2 O-O-O 23. c3 Kb8 24. Be4 Ne7 25. f3 f5 26. fxg4 fxg4 27. Rg1 Nf6 28.
Bh1 Rhg8 29. Nf4 Rd6 30. Rbe1 Nf5 31. Bf2 Re8 32. Nxe6 Nxh4 33. Nxg7 Rg8 34.
Bxh4 Rxg7 35. Bg3 Rd8 36. Be5 Rf8 37. Ref1 Rgf7 38. Bxf6 Rxf6 39. Rxf6 Rxf6 40.
Rxg4 Rf2+ 41. Rg2 Rf6 42. Rg8+ Ka7 43. Kh3 c6 44. Kh4 Rf1 45. Bg2 Re1 46. Rg3
Re6 47. Kh5 Kb8 48. Bh3 Rf6 49. Bg4 Ka8 50. Rf3 Rd6 51. Rf8+ Ka7 52. Bh3 Rd5+
53. Kxh6 Rd6+ 54. Kg5 Rd5+ 55. Rf5 Rd8 56. Kf4 Re8 57. Re5 Rh8 58. Bf5 Rh1 59.
Ke3 Rf1 60. Kd3 Rf3+ 61. Kc4 Rf1 62. Bd3 Rf4 63. Re7 Rf3 64. Be4 Rf6 65. Bg2
Rh6 66. Rf7 Rd6 67. d5 Kb8 68. Kc5 Rg6 69. dxc6 Rxg2 70. Rxb7+ Ka8 71. Kb6 Rg6
72. Rd7 Rg8 73. Kxa6 Rh8 74. Kb6 Kb8 75. Rb7+ Ka8 76. Ra7+ Kb8 77. c7+ Kc8 78.
Ra8+ 1-0

[Event "C.to Italiano U12 femminile"]
[Site "Montesilvano ITA"]
[Date "2015.07.04"]
[Round "8"]
[White "Rinaudo, Giada"]
[Black "Garau, Francesca"]
[WhiteElo "1625"]
[BlackElo "1511"]
[Result "1-0"]
[PlyCount "117"]
[EventDate "2015.06.29"]

1. Nf3 d5 2. c4 Nf6 3. b3 d4 4. b4 a6 5. Bb2 c5 6. bxc5 Nc6 7. e3 e5 8. Qa4 Bd7
9. Ba3 Be7 10. Qb3 Rb8 11. Qb2 Bf5 12. g3 O-O 13. Bg2 Qd7 14. O-O Bh3 15. Re1
Bxg2 16. Kxg2 Rfe8 17. exd4 exd4 18. d3 Bf8 19. Nbd2 h6 20. Nb3 Red8 21. Re2
Ne8 22. Ne5 Qf5 23. Nxc6 bxc6 24. Qc2 Nc7 25. Rae1 Ne6 26. Re5 Qf6 27. Na5 Rdc8
28. Qa4 Nd8 29. Nb3 Ne6 30. Na5 Nd8 31. Re8 g6 32. Rxd8 Rxd8 33. Nxc6 Re8 34.
Nxb8 Rxe1 35. Qxa6 Qxa6 36. Nxa6 Re8 37. Bb2 Re6 38. Nc7 Rc6 39. Nd5 Kg7 40.
Bxd4+ Kh7 41. Nf6+ Kh8 42. Nd7+ Bg7 43. Bxg7+ Kxg7 44. a4 Rc7 45. Nb6 Rxc5 46.
d4 Rc7 47. d5 Rb7 48. c5 Kf8 49. c6 Rc7 50. a5 Ke8 51. a6 Kd8 52. Kf3 Ke7 53.
Ke4 Kd6 54. Kd4 Ke7 55. Kc5 Kd8 56. d6 Ra7 57. c7+ Rxc7+ 58. dxc7+ Kxc7 59. a7
1-0

[Event "C.to Italiano U12 femminile"]
[Site "Montesilvano ITA"]
[Date "2015.07.04"]
[Round "8"]
[White "Vecoli, Martina"]
[Black "Raccanello, Marianna"]
[WhiteElo "1539"]
[BlackElo "1703"]
[Result "1/2-1/2"]
[PlyCount "66"]
[EventDate "2015.06.29"]

1. d4 d5 2. Bf4 Nf6 3. e3 c5 4. Nc3 Bd7 5. Nf3 Nc6 6. Nb5 Rc8 7. dxc5 Qa5+ 8.
Qd2 Qxd2+ 9. Nxd2 e5 10. Bg3 Bxc5 11. Nb3 Be7 12. Be2 O-O 13. O-O Be6 14. f4
Ne4 15. Bf2 a6 16. Nc3 Nxc3 17. bxc3 f6 18. Bg3 Bd6 19. Rad1 Ne7 20. c4 Bb8 21.
cxd5 Nxd5 22. f5 Bf7 23. Rd3 Rxc2 24. Bf3 Nb4 25. Rd7 Bxb3 26. axb3 b5 27. Be1
Nc6 28. Be4 Rc1 29. Bd2 Rxf1+ 30. Kxf1 Na7 31. Bb4 Re8 32. Bd5+ Kh8 33. Bb7 Nc8
1/2-1/2

[Event "C.to Italiano U12 femminile"]
[Site "Montesilvano ITA"]
[Date "2015.07.05"]
[Round "9"]
[White "Raccanello, Marianna"]
[Black "Grimaldi, Angela Flavia"]
[WhiteElo "1703"]
[BlackElo "1476"]
[Result "1-0"]
[PlyCount "61"]
[EventDate "2015.06.29"]

1. e4 e6 2. d4 d5 3. Nd2 dxe4 4. Nxe4 Nf6 5. Bd3 b6 6. Nxf6+ gxf6 7. Be4 c6 8.
f4 Bb7 9. Be3 Nd7 10. Nf3 Qc7 11. Qd2 Bd6 12. O-O-O O-O-O 13. Kb1 f5 14. Bd3
Rhg8 15. Rhf1 c5 16. g3 cxd4 17. Nxd4 Bc5 18. Nb5 Bxe3 19. Qxe3 Qb8 20. Be2 Nc5
21. Bh5 Rgf8 22. Rxd8+ Kxd8 23. Rd1+ Ke7 24. Nd6 Bd5 25. Nxf5+ Ke8 26. Nd4 Kd7
27. c4 Be4+ 28. Ka1 Kc8 29. Nb5 Bg6 30. Bxg6 hxg6 31. Qf3 1-0

[Event "C.to Italiano U12 femminile"]
[Site "Montesilvano ITA"]
[Date "2015.07.05"]
[Round "9"]
[White "Vecoli, Martina"]
[Black "Rinaudo, Giada"]
[WhiteElo "1539"]
[BlackElo "1625"]
[Result "0-1"]
[PlyCount "61"]
[EventDate "2015.06.29"]

1. e4 d6 2. d4 c6 3. Nc3 Nf6 4. Nge2 Bg4 5. Qd3 Bxe2 6. Bxe2 Nbd7 7. Be3 e6 8.
f4 Qc7 9. e5 dxe5 10. fxe5 Nd5 11. Nxd5 cxd5 12. c3 Nb6 13. Qb5+ Qc6 14. O-O a6
15. Qxc6+ bxc6 16. b3 Ba3 17. Bd2 O-O 18. Rf4 c5 19. Raf1 a5 20. R1f3 Rac8 21.
c4 cxd4 22. Bxa5 Nd7 23. b4 Bc1 24. Rxd4 Nxe5 25. Rf1 Be3+ 26. Kh1 Bxd4 27. c5
Nc6 28. Ba6 Rb8 29. a3 Nxa5 30. bxa5 Bxc5 31. Rf3 0-1